[Event "Moscow op-B (Women) 13th"]
[Site "Moscow"]
[Date "2017.02.02"]
[Round "6"]
[White "Drobitjko, Irina"]
[Black "Matsenko, Elena"]
[Result "1-0"]
[WhiteElo "1775"]
[BlackElo "1962"]
[PlyCount "60"]
[EventDate "2017.01.28"]
[EventType "swiss"]
[EventRounds "9"]
[EventCountry "RUS"]
[SourceTitle "EXT 2018"]
[Source "ChessBase"]
[SourceDate "2017.10.13"]
[SourceVersion "1"]
[SourceVersionDate "2017.10.13"]
[SourceQuality "1"]

1. e4 c5 2. c3 d5 3. exd5 Qxd5 4. d4 e6 5. Nf3 Nc6 6. Be2 Nf6 7. 0-0 Be7 8. Na3 cxd4 9. Nb5 Qd8 10. Nfxd4 Nxd4 11. Nxd4 0-0 12. Qb3 a6 13. Bf4 Nd5 14. Bg3 Bh4 15. c4 Bxg3 16. Qxg3 Ne7 17. Rfd1 Qb6 18. Bd3 Ng6 19. Nb3 a5 20. c5 Qc6 21. Rac1 Bd7 22. a4 f5 23. h4 Ne7 24. Nd4 Qc8 25. Bc4 Rf6 26. Qd6 Kf8 27. Nf3 Bxa4 28. b3 Be8 29. Ng5 Bh5 30. Nxe6+ Kg8 1-0

[Event "Moscow op-B (Women) 13th"]
[Site "Moscow"]
[Date "2017.01.31"]
[Round "4"]
[White "Drobitjko, Irina"]
[Black "Shafigullina, Zarina"]
[Result "1-0"]
[WhiteElo "1775"]
[BlackElo "2007"]
[PlyCount "135"]
[EventDate "2017.01.28"]
[EventType "swiss"]
[EventRounds "9"]
[EventCountry "RUS"]
[SourceTitle "EXT 2018"]
[Source "ChessBase"]
[SourceDate "2017.10.13"]
[SourceVersion "1"]
[SourceVersionDate "2017.10.13"]
[SourceQuality "1"]

1. e4 c5 2. c3 d5 3. exd5 Qxd5 4. d4 Nf6 5. Nf3 Bg4 6. Be2 e6 7. 0-0 Nc6 8. Be3 cxd4 9. Nxd4 Bxe2 10. Qxe2 Be7 11. Nb5 Qe5 12. Nd2 Nd5 13. Nc4 Qb8 14. Rad1 0-0 15. Bc1 Bf6 16. Rfe1 Rd8 17. Qh5 a6 18. Nd4 Nxd4 19. cxd4 Qc7 20. Nd2 Be7 21. Nf3 Nf6 22. Qh3 Rd5 23. Bg5 h6 24. Rc1 Qd6 25. Be3 Rh5 26. Qg3 Qd5 27. Ne5 Rd8 28. Rc7 Ne4 29. Qg4 Nf6 30. Qf3 Bb4 31. Rec1 Qxf3 32. Nxf3 b6 33. a3 Bd6 34. Rc8 Be7 35. Ne5 Rxc8 36. Rxc8+ Bf8 37. g4 Rh3 38. Kg2 Rh4 39. f3 Nd5 40. Bd2 f5 41. Rxf8+ Kxf8 42. Ng6+ Kf7 43. Nxh4 g5 44. gxf5 gxh4 45. fxe6+ Kxe6 46. Bxh6 Ne7 47. Bg5 Nf5 48. Kh3 Nxd4 49. Kg4 b5 50. Bxh4 a5 51. Be1 Nc6 52. f4 b4 53. h4 bxa3 54. bxa3 a4 55. f5+ Kf7 56. Bc3 Ne7 57. Kg5 Nd5 58. Bd4 Nc7 59. h5 Nb5 60. Bb2 Nd6 61. h6 Kg8 62. Kg6 Nf7 63. h7+ Kf8 64. Bf6 Ke8 65. Kg7 Nh8 66. Kxh8 Kf8 67. Bg7+ Kf7 68. f6 1-0